Which country comes alphabetically in between? #2 - Statistics

General Stats
  • This quiz has been taken 81 times
  • The average score is 12 of 15
Answer Stats
before Country after % Correct
Kazakhstan Kenya Kiribati
90%
Armenia Australia Austria
89%
Haiti Honduras Hungary
89%
Taiwan Tajikistan Tanzania
87%
Afghanistan Albania Algeria
84%
Poland Portugal Qatar
84%
Liberia Libya Liechtenstein
81%
Eritrea Estonia Eswatini
79%
Myanmar Namibia Nauru
78%
Bahrain Bangladesh Barbados
76%
Maldives Mali Malta
75%
Saudi Arabia Senegal Serbia
75%
Belgium Belize Benin
71%
Trinidad und Tobago Tunisia Turkey
68%
Costa Rica Croatia Cuba
62%
No matching quizzes found
Score Distribution
Percent of People with Each Score
Percentile by Number Answered
Your Score History
You have not taken this quiz